|
|
|
|
| LEADER |
00000nab a2200000 a 4500 |
| 001 |
vtls000297256 |
| 003 |
SK-MaSNL |
| 005 |
20260304063106.0 |
| 008 |
250422c1987 xo 0 slo |
| 015 |
|
|
|a SNBRA19rr/mm-uuuuu
|
| 035 |
|
|
|a CL0307375
|
| 035 |
|
|
|a urn:nbn:sk:snk-aba9at
|
| 035 |
|
|
|a (urnnbn)urn:nbn:sk:snk:ar-a0aaf9
|
| 035 |
|
|
|a (uuid)99cec4c8-d205-4082-b3e4-f3ef0dbd68cc
|
| 040 |
|
|
|a SNKBUCL
|b slo
|c SNKBUCL
|e AACR2
|
| 041 |
0 |
|
|a slo
|
| 044 |
|
|
|a xo
|c SK
|
| 080 |
|
|
|a 581.9
|2 1981
|
| 100 |
1 |
|
|a Dostál, Ľudovít,
|d 1936-1996
|4 aut
|9 135303
|
| 245 |
1 |
0 |
|a Floristické poznámky z okolia Haburského rašelinišťa
|c Ludvík Dostál
|
| 651 |
|
7 |
|a Haburské rašelinisko (Nízke Beskydy, Slovensko)
|2 snkbucl
|9 1349178
|
| 655 |
|
7 |
|a články zo zborníkov
|2 snkbucl
|9 166140
|
| 700 |
1 |
|
|a Dostál, Ľudovít,
|d 1936-1996
|4 aut
|9 135303
|
| 773 |
0 |
|
|t Zborník Východoslovenského múzea v Košiciach. Prírodné vedy XXVII - 1986
|d Košice : Východoslovenské vydavateľstvo, 1987
|
| 850 |
|
|
|a Slovenská národná knižnica
|
| 852 |
|
|
|a Slovenská národná knižnica
|
| 954 |
|
|
|a odborná, vedecká literatúra pôvodná (slovenská)
|2 lita
|
| 958 |
|
|
|a article13
|
| 958 |
|
|
|a RK
|
| 958 |
|
|
|a OND
|
| 958 |
|
|
|a EUIPO
|
| 992 |
|
|
|a RZB
|
| 999 |
|
|
|c 2741007
|d 2742937
|